Catálogo
 En Linea
Vista normal Vista MARC

Entrada Nombre corporativo

Número de registros utilizados en: 1

001 - NÚMERO DE CONTROL

  • campo de control: 32320

003 - IDENTIFICADOR DEL NÚMERO DE CONTROL

  • campo de control: OSt

005 - FECHA Y HORA DE LA ÚLTIMA TRANSACCIÓN

  • campo de control: 20200615033335.0

008 - DATOS DE LONGITUD FIJA

  • campo de control de longitud fija: 200615|| aca||aabn | a|a d

040 ## - FUENTE DE LA CATALOGACIÓN

  • Centro catalogador/agencia de origen: OSt
  • Centro/agencia transcriptor: OSt

110 ## - ENCABEZAMIENTO-NOMBRE DE ENTIDAD CORPORATIVA

  • Nombre de entidad corporativa o nombre de jurisdicción como elemento de entrada: Central Latinoamericana de Trabajadores.
  • Unidad subordinada: Congreso
  • Número del congreso/reunión o número de parte o sección: (8th :
  • Fecha del congreso/reunión o de la firma de un tratado: 1982 :
  • Sede del congreso/Lugar de la reunión: Bogotá, Colombia)

670 ## - FUENTE DE DATOS ENCONTRADOS

  • Cita de la fuente: Work cat.: (OSt)13921: Central Latinoamericana de Trabajadores. Congreso (8th : 1982 : Bogotá, Colombia), La democracia real :, 1982.

Con tecnología Koha